Loading...
| Mythology | 0 | 9 | 0 | 0 | 90 | 16 | 51.22 | 5 | 9 | 0.00 | 0.00 |
| Literature - British | 0 | 6 | 0 | 0 | 60 | 38 | 72.83 | 1 | 4 | 0.00 | 0.00 |
| Literature - European | 0 | 5 | 0 | 1 | 50 | 82 | 96.20 | 0 | 3 | 0.00 | 0.00 |
| Literature - American | 0 | 2 | 0 | 0 | 20 | 115 | 118.00 | 0 | 1 | 0.00 | 0.00 |
| Science - Chemistry | 0 | 2 | 0 | 0 | 20 | 76 | 79.00 | 0 | 0 | 0.00 | 0.00 |
| Science - Biology | 0 | 2 | 1 | 0 | 15 | 31 | 46.00 | 1 | 1 | 0.00 | 0.00 |
| Literature - World | 0 | 2 | 1 | 0 | 15 | 63 | 74.00 | 1 | 2 | 0.00 | 0.00 |
| Religion | 0 | 1 | 0 | 0 | 10 | 90 | 90.00 | 0 | 0 | 0.00 | 0.00 |
| Social Science | 0 | 1 | 0 | 1 | 10 | 108 | 108.00 | 0 | 0 | 0.00 | 0.00 |